000 00727cam a22002414a 4500
001 13823140
005 20180206065730.0
008 041222s2006 njua b 001 0 eng
010 _a 2004065978
020 _a0131499459
040 _aDLC
_cDLC
_dDLC
041 _aeng
042 _apcc
080 _a657 wal
082 0 0 _a657 wal
_222
100 1 _a61
101 _akon
245 1 0 _aFinancial accounting /
_cWalter T. Harrison, Jr., Charles T. Horngren.
504 _aIncludes bibliographical references and index.
906 _a7
_bcbc
_corignew
_d1
_eocip
_f20
_gy-gencatlg
942 _2ddc
_cBK
999 _c41921
_d41921